000 00419nam a22001577a 4500
005 20250916143918.0
008 250916b |||||||| |||| 00| 0 eng d
020 _a978 9966 098 63 4
050 _aJF 2051.W54 2017
100 _aNJERI WA WAINAINA
245 _aTHE ART OF WINNING ELECTIONS
260 _aNAIROBI
_bVALUE CONVERSATIONS
_c2017
300 _a1X,230P.
650 _aPOLITICAL SCIENCE
942 _2lcc
_cBK
999 _c216112
_d216112